Movies by Title Duo Quiz Stats

 Plays Quiz Updated Feb 26, 2016

Challenge
Share
Tweet
Score 0/20 Timer 07:00
1 Play Today
% Correct
Beauty and the Beast
99.6%
Batman & Robin
97.9%
Lady and the Tramp
95.3%
Thelma & Louise
88.4%
Romeo + Juliet
86.8%
Mr. & Mrs. Smith
85.2%
The Fox and the Hound
85%
Lilo & Stitch
84.7%
Starsky & Hutch
82%
Alien vs. Predator
75.7%
% Correct
Turner & Hooch
72.3%
Butch Cassidy and the Sundance Kid
69.6%
Bonnie and Clyde
69.4%
Kramer vs. Kramer
62.8%
Snow White and the Huntsman
55.5%
Frost/Nixon
53.5%
I Now Pronounce You Chuck and Larry
43.2%
The Brothers Grimm
39.1%
Harold and Maude
32.2%
Tango & Cash
31.7%

You're not logged in!

Compare scores with friends on all Sporcle quizzes.
OR
Log In

You Might Also Like...

Show Comments

Extras

Top Quizzes Today


Score Distribution

Your Account Isn't Verified!

In order to create a playlist on Sporcle, you need to verify the email address you used during registration. Go to your Sporcle Settings to finish the process.

Report this User

Report this user for behavior that violates our Community Guidelines.

Details: